| 000 | 01202nam a2200277 a 4500 | ||
|---|---|---|---|
| 003 | EG-GiCUC | ||
| 008 | 100607s2007 ly a g 000 0 ara d | ||
| 017 |
_a2007 / 453 _bمصر . دار الكتب |
||
| 020 | _a9789959262400 | ||
| 040 |
_aEG-GiCUC _bara _cEG-GiCUC |
||
| 092 | 0 | 4 |
_a324.3 _bB2194 _221 |
| 099 |
_a04 _a324.3 B2194 |
||
| 100 | 1 | _aبنور : فاطمة عبد السلام | |
| 245 | 1 | 2 |
_aالحقوق السياسية والاقتصادية والاجتماعية للمراة : _bبين النظرية العالمية الثالثة والنظريات / _cفاطمة عبد السلام بنور |
| 250 | _a1ط | ||
| 260 |
_aليبيا : _bالمركز العالمى لدراسات وابحاث الكتاب الاخضر : _c2007 |
||
| 300 |
_a455ص : _b؛ايض _c24سم |
||
| 504 | _aيشتمل على ارجاعات ببليوجرافية (ص433-455) | ||
| 650 | 7 |
_aالمرأة _xمساواة _2qrmak |
|
| 650 | 7 |
_aحقوق المرأة _2qrmak |
|
| 902 | _a1 | ||
| 905 |
_aرضا _eمدخل |
||
| 905 | _eمراجع | ||
| 942 |
_2ddc _cBK |
||
| 999 |
_c120155 _d120155 |
||